000 00743nam a2200217Ii 4500
003 JO-AjNU
008 230605s9999||||xx |||||||||||||| ||und||
017 _a2011/6/2537
040 _aJO-AjNU
_bara
_erda
_cJO-AjNU
041 _aara
050 1 4 _aDS154.9 2012
100 3 _aجمع وتاليف الغنانيم، نايف عبد المهدي,
_eauthor
_950133
245 0 0 _aعارضة عباد: الأرض والسكان
250 _aط1
264 3 1 _aعمان: المؤلف، 2012
300 _a300ص
336 _atext
_btxt
_2rdacontent
337 _aunmediated
_bn
_2rdamedia
338 _avolume
_bnc
_2rdacarrier
650 4 _aالاردن-تاريخ-عارضة عباد-احوال اجتماعية-احوال سياسية
_950134
999 _aA22065
_c25633
_d25633